Größtes und Kleinstes in Afrika - Statistiken

Allgemein
  • Dieses Quiz wurde 552 mal gespielt
    440 seit der letzten Aktualisierung
  • Das Durchschnittsergebnis liegt bei 29 aus 40
Antwortstatistiken
Hint Antwort % Korrekt
Größte nach Fläche Algerien
98%
Reichste Algerien
98%
Größte nach Fläche Demokratische Republik Kongo
94%
Größte nach Bevölkerung Ägypten
93%
Reichste Ägypten
93%
Größte nach Bevölkerung Demokratische Republik Kongo
92%
Größte nach Bevölkerung Südafrika
92%
Reichste Südafrika
92%
Größte nach Bevölkerung Nigeria
91%
Reichste Nigeria
91%
Größte nach Fläche Sudan
91%
Größte nach Fläche Libyen
86%
Kleinste nach Fläche Seychellen
86%
Kleinste nach Bevölkerung Seychellen
86%
Ärmste Seychellen
86%
Größte nach Fläche Tschad
86%
Kleinste nach Fläche Kap Verde
83%
Kleinste nach Bevölkerung Kap Verde
83%
Kleinste Hauptstadt São Tomé
82%
Kleinste nach Fläche São Tomé und Príncipe
82%
Kleinste nach Bevölkerung São Tomé und Príncipe
82%
Ärmste Sao Tome und Principe
82%
Größte nach Bevölkerung Äthiopien
81%
Kleinste nach Fläche Komoren
81%
Kleinste nach Bevölkerung Komoren
81%
Ärmste Komoren
81%
Kleinste nach Fläche Mauritius
80%
Größte Hauptstadt Kairo
77%
Reichste Marokko
63%
Kleinste nach Bevölkerung Dschibuti
60%
Größte Hauptstadt Kinshasa
48%
Größte Hauptstadt Algier
45%
Ärmste Zentralafrikanische Republik
41%
Größte Hauptstadt Nairobi
40%
Kleinste Hauptstadt Victoria
33%
Größte Hauptstadt Addis-Abeba
32%
Ärmste Guinea-Bissau
30%
Kleinste Hauptstadt Moroni
22%
Kleinste Hauptstadt Mbabane
12%
Kleinste Hauptstadt Malabo
11%
Keine übereinstimmenden Quizze gefunden
Verteilung der Resultate
Anzahl Personen mit jedem Resultat
Perzentil nach korrekt beantworteten Fragen
Ihre Resultats-Entwicklung
Sie haben dieses Quiz seit der letzten Aktualisierung nicht gespielt